5HLuxD.jpg

KING HENRY VIII SENIOR AND PRIMARY SCHOOL LIBRARY OPAC

Black Beauty / (Record no. 1990)

000 -LEADER
fixed length control field 00961nam a2200313 i 4500
001 - CONTROL NUMBER
control field 020767594
003 - CONTROL NUMBER IDENTIFIER
control field UkOxU
005 - DATE AND TIME OF LATEST TRANSACTION
control field 20230222175546.0
008 - FIXED-LENGTH DATA ELEMENTS--GENERAL INFORMATION
fixed length control field 160225s2016 enka 000|f eng d
020 ## - INTERNATIONAL STANDARD BOOK NUMBER
International Standard Book Number 9781786170262
Qualifying information paperback
035 ## - SYSTEM CONTROL NUMBER
System control number (UK-WkNB)9781786170262
035 ## - SYSTEM CONTROL NUMBER
System control number (StEdALDL)1/3487723
040 ## - CATALOGING SOURCE
Original cataloging agency UK-WkNB
Language of cataloging eng
Description conventions rda
Transcribing agency UK-WkNB
Modifying agency UkOxU
-- KH8
049 ## - LOCAL HOLDINGS (OCLC)
Holding library CROBAR
082 04 - DEWEY DECIMAL CLASSIFICATION NUMBER
Classification number FIC SEW
100 1# - MAIN ENTRY--PERSONAL NAME
Personal name Sewell, Anna,
Dates associated with a name 1820-1878,
Relator term author.
245 10 - TITLE STATEMENT
Title Black Beauty /
Statement of responsibility, etc. Anna Sewell ; illustrated by Chiara Fedele.
264 #1 - PRODUCTION, PUBLICATION, DISTRIBUTION, MANUFACTURE, AND COPYRIGHT NOTICE
Place of production, publication, distribution, manufacture Thaxted, Essex :
Name of producer, publisher, distributor, manufacturer Miles Kelly Publishing Ltd,
Date of production, publication, distribution, manufacture, or copyright notice 2016.
264 #4 - PRODUCTION, PUBLICATION, DISTRIBUTION, MANUFACTURE, AND COPYRIGHT NOTICE
Date of production, publication, distribution, manufacture, or copyright notice ©2016
300 ## - PHYSICAL DESCRIPTION
Extent 320 pages :
Other physical details illustrations (colour) ;
Dimensions 17 cm
336 ## - CONTENT TYPE
Content type term text
Source rdacontent
337 ## - MEDIA TYPE
Media type term unmediated
Source rdamedia
338 ## - CARRIER TYPE
Carrier type term volume
Source rdacarrier
490 1# - SERIES STATEMENT
Series statement Mini classics.
650 ## - SUBJECT ADDED ENTRY--TOPICAL TERM
Source of heading or term Children's Story
700 1# - ADDED ENTRY--PERSONAL NAME
Personal name Fedele, Chiara,
Relator term illustrator.
830 #0 - SERIES ADDED ENTRY--UNIFORM TITLE
Uniform title Mini classics (Thaxted, Essex)
942 ## - ADDED ENTRY ELEMENTS (KOHA)
Source of classification or shelving scheme
Koha item type Books - Non Ficton
Holdings
Withdrawn status Lost status Source of classification or shelving scheme Damaged status Not for loan Collection code Permanent Location Current Location Shelving location Date acquired Total Checkouts Total Renewals Full call number Barcode Date last seen Date last checked out Price effective from Koha item type
          Non-Fiction KH8 Primary School Library KH8 Primary School Library Non Fiction 2023-02-22 10 1 FIC SEW KHPL000003701 2025-12-05 2025-02-26 2023-02-22 Books - Non Ficton

Powered By KH8 IT Dept